| 000 | 00000nas 2200000za 4500 |
| 001 | 9.861935 |
| 003 | CaOODSP |
| 005 | 20221107160901 |
| 007 | cr ||||||||||| |
| 008 | 180914d19852002oncqr p oss f0###a0eng|d |
| 022 | |y0833-238X|y0319-8243 |
| 040 | |aCaOODSP|beng |
| 041 | |aeng|afre |
| 043 | |an-cn--- |
| 086 | 1 |aCS62-007-PDF |
| 245 | 00|aConstruction price statistics |h[electronic resource] / |cStatistics Canada, Prices Division = Statistiques des prix de la construction / Statistique Canada, Division des prix. |
| 246 | 11|aStatistiques des prix de la construction |
| 260 | |a[Ottawa] : |bStatistics Canada = Statistique Canada, |c1985-2002. |
| 310 | |aQuarterly |
| 362 | 0 |aVol. 1, no. 1 (1st quarter 1985)-v. 17, no. 3 (3rd quarter 2001). |
| 500 | |aDigitized edition from print [produced by Statistics Canada]. |
| 546 | |aText in English and in French. |
| 580 | |aContinues: Construction price statistics, monthly bulletin. |
| 580 | |aContinued by: Capital expenditure price statistics. |
| 692 | 07|2gccst|aConstruction industry |
| 710 | 1 |aCanada.|bStatistics Canada.|bPrices Division. |
| 780 | 00|tConstruction price statistics, monthly bulletin |w(CaOODSP)9.846080 |
| 792 | |tConstruction price statistics |efre|w(CaOODSP)9.861937 |